MARC

LEADER 00000nlm0a2200000 4500
001 294505
005 20231215120447.0
035 |a (RuTPU)RU\TPU\book\319578 
090 |a 294505 
100 |a 20150514d2014 m y0rusy50 ca 
101 0 |a rus 
102 |a RU 
105 |a a j 001zy 
135 |a drcn ---uucaa 
181 0 |a i  
182 0 |a b 
200 1 |a Высшая математика для технических университетов  |e учебное пособие  |e в 5 ч.  |f В. Н. Задорожный, В. Ф. Зальмеж, А. Ю. Трифонов, А. В. Шаповалов  |g Национальный исследовательский Томский политехнический университет (ТПУ), Физико-технический институт (ФТИ), Кафедра высшей математики и математической физики (ВММФ) 
203 |a Текст  |c электронный 
210 |a Томск  |c Изд-во ТПУ  |d 2014-2017 
701 1 |a Задорожный  |b В. Н.  |c математик  |c доцент Томского политехнического университета, кандидат физико-математических наук  |f 1951-  |g Валерий Николаевич  |3 (RuTPU)RU\TPU\pers\27495  |9 12749 
701 1 |a Зальмеж  |b В. Ф.  |c математик  |c доцент Томского политехнического университета, кандидат физико-математических наук  |f 1957-  |g Владимир Феликсович  |3 (RuTPU)RU\TPU\pers\27496  |9 12750 
701 1 |a Трифонов  |b А. Ю.  |c физик, математик  |c профессор Томского политехнического университета, доктор физико-математических наук  |f 1963-  |g Андрей Юрьевич  |3 (RuTPU)RU\TPU\pers\22013 
701 1 |a Шаповалов  |b А. В.  |c математик  |c профессор Томского политехнического университета, доктор физико-математических наук  |f 1949-  |g Александр Васильевич  |3 (RuTPU)RU\TPU\pers\24404 
712 0 2 |a Национальный исследовательский Томский политехнический университет (ТПУ)  |b Физико-технический институт (ФТИ)  |b Кафедра высшей математики и математической физики (ВММФ)  |3 (RuTPU)RU\TPU\col\18727 
801 2 |a RU  |b 63413507  |c 20211122  |g RCR 
942 |c CF